000 00884nam a2200217Ia 4500
003 IN-BaIIA
008 211028s9999 xx 000 0 eng d
020 _a0-387-96730-3
040 _cIIA Library
080 _a520.8(082.1)
_bINS
100 _aRobinson, L. B.
_915869
111 _aSanta Cruz Summer Workshop on Astronomy and Astrophysics
_n9th
_cLick Observatory, USA
_d1987 July 13-24
_915870
245 0 _aInstrumentation for ground-based optical astronomy
_bthe ninth santa cruz summer workshop on in astronomy and astrophysics, held in Lick Observatory, USA, July 13-24,1987
_cL. B. Robinson
250 _a9th ed.
260 _aBerlin
_bSpringer-Verlag
_c1988
300 _axxxiv, 751p.
650 _aAstronomical instrumentation
_93629
650 _aAstronomy and Astrophysics Thesaurus
650 _aInstrumentation
_98032
942 _cBK
999 _c9428
_d9428